000 00934nam0a2200265 4500
001 RU\NLR\bibl\1253600
005 20260405161011.0
035 _a(NLR Aleph) 001239664
090 _a250714
_c250714
100 _a20080717d2008 |||y0rusy50 ca
101 0 _arus
102 _aRU
105 _aa |||||||||
200 1 _aПо моему мнению
_fГлеб Первомайский
210 _aСанкт-Петербург
_c[б. и.]
_d2008
215 _a63 с.
_cил.
_d20
300 _aНа 62-й с. авт.: Глеб Первомайский (Владимир Глебович Раутиан)
606 1 _aПопулярная литература
_92193682
_3RU\NLR\auth\661318537
686 _aЯ9
700 1 _4070
_7ca
_8rus
_aПервомайский
_bГ.
_f1940-
_gГлеб
_950470
_3RU\NLR\auth\7767542
801 0 _aRU
_bNLR
_c20080717
_gRCR
801 1 _aRU
_bNLR
_c20080717
942 _cBOOK
980 _aNB